| 000 | 01065cam a22002893a 4500 | ||
|---|---|---|---|
| 001 | 474 | ||
| 005 | 20230425161953.0 | ||
| 008 | 961112s1997 xx j 000 1 eng d | ||
| 020 | _a0816741190 (pbk.) | ||
| 040 |
_aGZX _cGZX _dOCL _dDLC |
||
| 050 | 0 | 0 | _aCPB Box no. 408 vol. 16 |
| 082 | _a813.6 | ||
| 100 | 1 | _aWeyn, Suzanne. | |
| 245 | 1 | 4 |
_aThe snow angel / _cSuzanne Weyn. |
| 260 |
_a[S.l.] : _bTroll, _c1997. |
||
| 300 |
_a206 pages : _c20 cm. |
||
| 490 | 1 | _aForever angels | |
| 505 | _aK | ||
| 520 | _aMolly and her friends have made a snow angel in the woods that is so beautiful, people are coming from miles around to see it. When a strange boy comes to live with Molly's family following his tragic riding accident, Molly wants to find a way to reach him. Can an angel help her break through his silence? | ||
| 521 |
_a560
_bLexile |
||
| 521 |
_aK
_bRaz-Plus |
||
| 650 | 0 |
_aAngels _vFiction. |
|
| 650 | 0 |
_aFriendship _vFiction. |
|
| 655 | 7 |
_aChildren's stories. _2lcsh |
|
| 906 |
_a7 _bcbc _ccopycat _d2 _encip _f19 _gy-genrareb |
||
| 942 |
_2ddc _cBK _n0 |
||
| 999 |
_c474 _d474 |
||